<?xml version="1.0" encoding="UTF-8"?>
<record
    xmlns:xsi="http://www.w3.org/2001/XMLSchema-instance"
    xsi:schemaLocation="http://www.loc.gov/MARC21/slim http://www.loc.gov/standards/marcxml/schema/MARC21slim.xsd"
    xmlns="http://www.loc.gov/MARC21/slim">

  <leader>00977nam a22002177a 4500</leader>
  <controlfield tag="005">20171129111442.0</controlfield>
  <datafield tag="010" ind1=" " ind2=" ">
    <subfield code="a">UR-9863</subfield>
  </datafield>
  <datafield tag="020" ind1="6" ind2=" ">
    <subfield code="c">28.00</subfield>
  </datafield>
  <datafield tag="035" ind1=" " ind2=" ">
    <subfield code="a">U-8418</subfield>
  </datafield>
  <datafield tag="037" ind1=" " ind2=" ">
    <subfield code="b">DBAD/PUB</subfield>
  </datafield>
  <datafield tag="082" ind1=" " ind2=" ">
    <subfield code="a">500.0921</subfield>
  </datafield>
  <datafield tag="100" ind1=" " ind2=" ">
    <subfield code="a">&#x633;&#x6CC;&#x62F; &#x644;&#x637;&#x641; &#x627; &#x644;&#x644;&#x6C1; &#x642;&#x627; &#x62F; &#x631; &#x6CC; &#x641;&#x644;&#x627; &#x62D;&#x6CC;    </subfield>
  </datafield>
  <datafield tag="245" ind1=" " ind2=" ">
    <subfield code="a"> &#x648; &#x627; &#x644;&#x62F; &#x6CC;&#x646; &#x6A9;&#x6D2; &#x62D;&#x642;&#x648;&#x642; &#x627; &#x648; &#x631; &#x635;&#x644;&#x6C1; &#x631; &#x62D;&#x645;&#x6CC;    </subfield>
    <subfield code="c">&#x633;&#x6CC;&#x62F; &#x644;&#x637;&#x641; &#x627; &#x644;&#x644;&#x6C1; &#x642;&#x627; &#x62F; &#x631; &#x6CC; &#x641;&#x644;&#x627; &#x62D;&#x6CC;  </subfield>
  </datafield>
  <datafield tag="246" ind1=" " ind2=" ">
    <subfield code="b">                                                                                                                                       </subfield>
    <subfield code="a">Waldain Ke Huqooq Aur Sila Rahmi</subfield>
  </datafield>
  <datafield tag="250" ind1=" " ind2=" ">
    <subfield code="a">byMoulan Sayyid Lutfullah Qadiri Falahi</subfield>
  </datafield>
  <datafield tag="260" ind1=" " ind2=" ">
    <subfield code="a"> &#x646;&#x626;&#x6CC;  &#x62F; &#x644;&#x6CC;            </subfield>
    <subfield code="b">Merkazi  Maktaba Islami Publishers</subfield>
    <subfield code="c">2013</subfield>
  </datafield>
  <datafield tag="270" ind1=" " ind2=" ">
    <subfield code="a">D307,Dawat Nagar,Abul Fazal Enclave,Jamia Nagar ,</subfield>
    <subfield code="b"> New  Delhi </subfield>
    <subfield code="e">110025</subfield>
    <subfield code="k">01126971652</subfield>
    <subfield code="l">-</subfield>
  </datafield>
  <datafield tag="300" ind1=" " ind2=" ">
    <subfield code="a">72&#x635;</subfield>
    <subfield code="c">22 Cm.(B.b)     </subfield>
  </datafield>
  <datafield tag="500" ind1=" " ind2=" ">
    <subfield code="a">&#x62F;&#x648; &#x62D;&#x635;&#x6C1;</subfield>
  </datafield>
  <datafield tag="942" ind1=" " ind2=" ">
    <subfield code="2">ddc</subfield>
    <subfield code="c">UR</subfield>
    <subfield code="h">500.0921</subfield>
    <subfield code="m">&#x642; &#x627; &#x62F;    </subfield>
    <subfield code="e"> </subfield>
  </datafield>
  <datafield tag="999" ind1=" " ind2=" ">
    <subfield code="c">147041</subfield>
    <subfield code="d">147041</subfield>
  </datafield>
  <datafield tag="952" ind1=" " ind2=" ">
    <subfield code="0">0</subfield>
    <subfield code="1">0</subfield>
    <subfield code="4">0</subfield>
    <subfield code="7">0</subfield>
    <subfield code="8">NFIC</subfield>
    <subfield code="a">L</subfield>
    <subfield code="b">L</subfield>
    <subfield code="d">2017-10-31</subfield>
    <subfield code="e">DBAD/PUB.</subfield>
    <subfield code="g">28.00</subfield>
    <subfield code="l">0</subfield>
    <subfield code="o">500.0921 &#x642; &#x627; &#x62F;</subfield>
    <subfield code="p">U-8418</subfield>
    <subfield code="r">2017-10-31 00:00:00</subfield>
    <subfield code="t">1</subfield>
    <subfield code="v">28.00</subfield>
    <subfield code="w">2017-10-31</subfield>
    <subfield code="y">UR</subfield>
  </datafield>
</record>
